Loading...
| Current Events | 1 | 20.00 | 100% | 100% | 0% |
| Fine Arts - Classical Music | 11 | 20.91 | 100% | 73% | 36% |
| Fine Arts - Other | 8 | 15.00 | 100% | 25% | 25% |
| Fine Arts - Painting and Sculpture | 7 | 21.43 | 100% | 86% | 29% |
| Geography | 1 | 20.00 | 100% | 100% | 0% |
| History - American | 8 | 16.25 | 100% | 38% | 25% |
| History - European | 11 | 25.45 | 100% | 91% | 64% |
| History - Other | 8 | 18.75 | 88% | 63% | 38% |
| History - World | 8 | 15.00 | 75% | 63% | 13% |
| Literature - American | 8 | 13.75 | 88% | 38% | 13% |
| Literature - British | 6 | 21.67 | 100% | 100% | 17% |
| Literature - European | 9 | 16.67 | 100% | 44% | 22% |
| Literature - World | 7 | 18.57 | 100% | 71% | 14% |
| Mythology | 7 | 15.71 | 100% | 29% | 29% |
| Philosophy | 5 | 16.00 | 100% | 40% | 20% |
| Pop Culture | 2 | 5.00 | 50% | 0% | 0% |
| Religion | 9 | 18.89 | 100% | 67% | 22% |
| Science - Biology | 4 | 27.50 | 100% | 100% | 75% |
| Science - Chemistry | 7 | 18.57 | 100% | 71% | 14% |
| Science - Other | 7 | 17.14 | 100% | 57% | 14% |
| Science - Physics | 6 | 20.00 | 100% | 83% | 17% |
| Social Science | 7 | 21.43 | 100% | 71% | 43% |